Der tanz im alten Ägypten nach bildlichen und inschriftlichen zeugnissen /

Saved in:

Main Author: Brunner-Traut, Emma (Author)

Format: Book

Language: German

Published: Glückstadt ; New York : J. J. Augustin, 1938.

Series: Agyptologische Forschungen ; 6.
AgForsch ; 6.

Subjects:

Tags: Add Tag

No Tags, Be the first to tag this record!

Call Number: DT57 .A4 v.6

LEADER 01048nam a22003251 4500
001 5034
003 OSt
005 20260330150518.0
008 130303s1938 gw a b 000 0 ger d
010 |a ac 39001395 
035 |a ocm05148110 
040 |c ARCE Library 
043 |a f-ua--- 
050 4 |a DT57 .A4 v.6 
100 1 |a Brunner-Traut, Emma,  |e author 
245 1 4 |a Der tanz im alten Ägypten nach bildlichen und inschriftlichen zeugnissen /  |c von Emma Brunner-Traut. 
264 1 |a Glückstadt ;  |a New York :  |b J. J. Augustin,  |c 1938. 
300 |a 91 pages :  |b illustrations ;  |c 30 cm. 
490 1 |a Agyptologische Forschungen ;   |v 6. 
490 1 |a AgForsch ;   |v 6. 
500 |a "Gedruckt als Münchener dissertation ... 1937."  
504 |a "Verzeichnis der stark abgekürzt zitierten werke": pages 90-91. 
650 0 |a Dance  |z Egypt. 
650 0 |a Art, Egyptian. 
650 0 |a Inscriptions, Egyptian. 
830 0 |a Agyptologische Forschungen ;   |v 6. 
830 0 |a AgForsch ;   |v 6. 
901 |a reviewed 
942 |c BK  |2 lcc 
999 |c 5424  |d 5424